[Event "Canadian op U1600"]
[Site "Windsor"]
[Date "2016.07.16"]
[Round "7.50"]
[White "Wang, Kevin"]
[Black "Thanabalachandran, Luxiga"]
[Result "0-1"]
[WhiteElo "1019"]
[BlackElo "1142"]
[PlyCount "70"]
[EventDate "2016.07.10"]
[EventType "swiss"]
[EventRounds "9"]
[EventCountry "CAN"]
[SourceTitle "EXT 2022"]
[Source "ChessBase"]
[SourceDate "2021.10.06"]
[SourceVersion "1"]
[SourceVersionDate "2021.10.06"]
[SourceQuality "1"]

1. d4 e6 2. c4 d5 3. Nf3 Nf6 4. e3 c5 5. Nc3 Nc6 6. cxd5 Nxd5 7. Bb5 Nxc3 8. bxc3 cxd4 9. cxd4 Qa5+ 10. Bd2 Qxb5 11. Rb1 Qd5 12. Qa4 Bd7 13. Qc2 b6 14. 0-0 e5 15. e4 Nxd4 16. exd5 Nxc2 17. Rfc1 Bf5 18. Rb2 Nd4 19. Nxe5 Ne2+ 20. Kf1 Nxc1 21. Bxc1 Ba3 22. Re2 Be7 23. Kg1 Rc8 24. Re1 f6 25. Nc6 Rc7 26. Ba3 Kf7 27. Rxe7+ Rxe7 28. Bxe7 Re8 29. d6 Rc8 30. g4 Rxc6 31. gxf5 Ke8 32. Kg2 Rc2 33. h4 Rxa2 34. Kg3 b5 35. h5 h6 0-1

[Event "Canadian op U1600"]
[Site "Windsor"]
[Date "2016.07.13"]
[Round "4.51"]
[White "Kocela, Manuel"]
[Black "Thanabalachandran, Luxiga"]
[Result "1-0"]
[WhiteElo "1389"]
[BlackElo "1142"]
[PlyCount "69"]
[EventDate "2016.07.10"]
[EventType "swiss"]
[EventRounds "9"]
[EventCountry "CAN"]
[SourceTitle "EXT 2022"]
[Source "ChessBase"]
[SourceDate "2021.10.06"]
[SourceVersion "1"]
[SourceVersionDate "2021.10.06"]
[SourceQuality "1"]

1. d4 e6 2. Nf3 Nf6 3. a3 d5 4. Bg5 h6 5. Bh4 c5 6. e3 Nc6 7. Ne5 Bd6 8. f4 Qb6 9. b3 cxd4 10. Nxc6 bxc6 11. Bxf6 gxf6 12. Bd3 dxe3 13. g3 Ba6 14. Nc3 Bxd3 15. Qxd3 e5 16. Na4 Qd4 17. Qxd4 exd4 18. Ke2 Kd7 19. Nb2 Rhe8 20. Rhf1 Rab8 21. Nd3 Rb5 22. Rab1 Ke6 23. Ne1 Kf5 24. a4 Rbb8 25. Nd3 Kg4 26. Rh1 h5 27. Rbg1 Rg8 28. h3+ Kf5 29. g4+ hxg4 30. hxg4+ Ke4 31. Rh4 Bxf4 32. Nxf4 Kxf4 33. Kd3 c5 34. Rh5 Rbd8 35. Rf5# 1-0

[Event "Toronto NAYCC U14 Girls"]
[Site "Toronto"]
[Date "2013.08.15"]
[Round "3"]
[White "Serban, Diana"]
[Black "Thanabalachandran, Luxiga"]
[Result "0-1"]
[WhiteElo "1253"]
[BlackElo "1030"]
[PlyCount "144"]
[EventDate "2013.08.14"]
[EventType "swiss"]
[EventRounds "9"]
[EventCountry "CAN"]
[SourceTitle "EXT 2022"]
[Source "ChessBase"]
[SourceDate "2021.10.06"]
[SourceVersion "1"]
[SourceVersionDate "2021.10.06"]
[SourceQuality "1"]

1. d4 e6 2. c4 d5 3. Nf3 Nf6 4. Bg5 h6 5. Bh4 Nc6 6. cxd5 exd5 7. e3 Bb4+ 8. Nbd2 0-0 9. Be2 Qd6 10. Bg3 Qd8 11. 0-0 Bf5 12. Nb3 Re8 13. Rc1 a6 14. a3 Bd6 15. Bxd6 Qxd6 16. Nc5 Rab8 17. Qa4 Bd7 18. Nxd7 Qxd7 19. Bxa6 Ra8 20. Qb5 Rxa6 21. Qc5 Rb6 22. Qc2 Ne4 23. Rfd1 Re6 24. Rd3 Rg6 25. Nh4 Rf6 26. Rf1 Ne7 27. f3 Ng5 28. Kf2 Nf5 29. Nxf5 Rxf5 30. Ke2 Rc6 31. Rc3 Rxc3 32. Qxc3 Qb5+ 33. Ke1 c6 34. Rf2 Ne6 35. Kd2 b6 36. Kc2 Qc4 37. Qxc4 dxc4 38. Kc3 b5 39. b3 cxb3 40. Kxb3 c5 41. dxc5 Rxc5 42. Rc2 Rxc2 43. Kxc2 Kf8 44. Kb3 Nc7 45. Kb4 Ke7 46. Kc5 Kd7 47. e4 g6 48. h4 f6 49. f4 Kc8 50. g3 Kd7 51. g4 Ne6+ 52. Kxb5 Nxf4 53. Kc5 Ng2 54. Kd5 Nxh4 55. e5 fxe5 56. Kxe5 Ke7 57. Kf4 g5+ 58. Ke5 Kf7 59. a4 Ng6+ 60. Kf5 Ne7+ 61. Ke4 Kg6 62. a5 Nc8 63. a6 h5 64. Kd5 hxg4 65. Kc6 g3 66. Kc7 g2 67. Kxc8 g1Q 68. Kb8 g4 69. a7 Qxa7+ 70. Kxa7 g3 71. Kb6 g2 72. Kc5 g1Q+ 0-1

[Event "CAN-ch U14 Girls"]
[Site "Ottawa"]
[Date "2013.07.12"]
[Round "5"]
[White "Thanabalachandran, Luxiga"]
[Black "Li, Kristen"]
[Result "0-1"]
[WhiteElo "1025"]
[BlackElo "1375"]
[PlyCount "58"]
[EventDate "2013.07.10"]
[EventType "swiss"]
[EventRounds "6"]
[EventCountry "CAN"]
[SourceTitle "EXT 2022"]
[Source "ChessBase"]
[SourceDate "2021.10.06"]
[SourceVersion "1"]
[SourceVersionDate "2021.10.06"]
[SourceQuality "1"]

1. e4 c5 2. c3 d5 3. exd5 Qxd5 4. d4 Nc6 5. Nf3 Bg4 6. Be2 e6 7. 0-0 Nf6 8. Be3 cxd4 9. Bxd4 Nxd4 10. cxd4 Be7 11. Nc3 Qd6 12. Rc1 a6 13. Bc4 0-0 14. d5 e5 15. Re1 Rac8 16. Bb3 b5 17. Ne4 Nxe4 18. Rxc8 Rxc8 19. Rxe4 Bxf3 20. Qxf3 Qf6 21. Qe3 Qf5 22. h3 Bg5 23. Qf3 Rc1+ 24. Kh2 Bf4+ 25. g3 Bxg3+ 26. Kg2 Rg1+ 27. Kxg1 Qxf3 28. Re3 Qxf2+ 29. Kh1 Qh2# 0-1

[Event "CAN-ch U12 Girls"]
[Site "Vancouver"]
[Date "2012.07.04"]
[Round "3"]
[White "Eirew, Pepi"]
[Black "Thanabalachandran, Luxiga"]
[Result "1-0"]
[WhiteElo "772"]
[BlackElo "848"]
[PlyCount "155"]
[EventDate "2012.07.03"]
[EventType "swiss"]
[EventRounds "7"]
[EventCountry "CAN"]
[SourceTitle "EXT 2022"]
[Source "ChessBase"]
[SourceDate "2021.10.06"]
[SourceVersion "1"]
[SourceVersionDate "2021.10.06"]
[SourceQuality "1"]

1. e4 e6 2. Nf3 d5 3. Bd3 Nc6 4. Nc3 Nf6 5. e5 Ng4 6. h3 Ngxe5 7. Nxe5 Nxe5 8. Be2 Bb4 9. a3 Ba5 10. d4 Nc6 11. b4 Bb6 12. Bb5 Bd7 13. Be3 a6 14. Bxc6 Bxc6 15. 0-0 0-0 16. Qe2 Qd7 17. a4 Ba7 18. b5 axb5 19. axb5 Bxb5 20. Nxb5 Bb6 21. Rfb1 c6 22. Nc3 Ba5 23. Rb3 Qd6 24. g3 Qd7 25. Bf4 Rfe8 26. Rab1 Bxc3 27. Rxc3 Ra4 28. Qd2 f6 29. Rcb3 b5 30. Kg2 e5 31. dxe5 fxe5 32. Bg5 h6 33. Bxh6 gxh6 34. Qxh6 Re4 35. Qg6+ Kf8 36. Rf3+ Ke7 37. Rf7+ Kd8 38. Rxd7+ Kxd7 39. Qf7+ Kd8 40. Qf6+ Kd7 41. Qf5+ Kd6 42. Qg6+ Kd7 43. Ra1 Ra4 44. Rxa4 bxa4 45. Qg4+ Kd6 46. Qxa4 d4 47. f3 Kd5 48. Qb3+ Kc5 49. c3 d3 50. Qb4+ Kd5 51. Qb2 e4 52. Qb3+ Kc5 53. Qb4+ Kd5 54. Qd4+ Ke6 55. Qxe4+ Kf7 56. Qxd3 Ra8 57. Qd7+ Kf8 58. Qd6+ Kg7 59. Qxc6 Ra2+ 60. Kf1 Rc2 61. Qd7+ Kf6 62. h4 Rc1+ 63. Ke2 Rc2+ 64. Kd3 Rg2 65. g4 Rg1 66. Qd4+ Kg6 67. Qxg1 Kh6 68. g5+ Kg6 69. Ke4 Kg7 70. Qa7+ Kg6 71. Qb6+ Kg7 72. Qf6+ Kg8 73. Qe7 Kh8 74. c4 Kg8 75. c5 Kh8 76. c6 Kg8 77. c7 Kh8 78. c8Q# 1-0

[Event "Scarborough CC Falling Leaves U1400"]
[Site "Toronto"]
[Date "2011.12.08"]
[Round "6"]
[White "Roy, Lawrence"]
[Black "Thanabalachandran, Luxiga"]
[Result "0-1"]
[WhiteElo "1053"]
[BlackElo "894"]
[PlyCount "62"]
[EventDate "2011.11.03"]
[EventType "swiss"]
[EventRounds "7"]
[EventCountry "CAN"]
[SourceTitle "EXT 2022"]
[Source "ChessBase"]
[SourceDate "2021.10.06"]
[SourceVersion "1"]
[SourceVersionDate "2021.10.06"]
[SourceQuality "1"]

1. e4 e6 2. d4 d5 3. exd5 exd5 4. Nf3 Nc6 5. Nc3 Nf6 6. Be2 Bb4 7. Bd2 0-0 8. a3 Bxc3 9. Bxc3 Bg4 10. 0-0 Re8 11. Re1 Ne4 12. Bd2 Bxf3 13. Bxf3 Nxd4 14. Bxe4 Rxe4 15. Rxe4 dxe4 16. Qc1 Ne2+ 17. Kf1 Nxc1 18. Rxc1 Qxd2 19. Re1 Qxc2 20. f3 exf3 21. gxf3 Qd3+ 22. Kf2 Qd2+ 23. Kf1 Qxb2 24. a4 Qxh2 25. f4 Qxf4+ 26. Kg1 Qxa4 27. Kf1 Re8 28. Rc1 Qa6+ 29. Kf2 Qe2+ 30. Kg3 Qe3+ 31. Kg2 Qxc1 0-1

[Event "Scarborough CC Howard Ridout U1800"]
[Site "Toronto"]
[Date "2011.10.20"]
[Round "5"]
[White "Frias, Evnato"]
[Black "Thanabalachandran, Luxiga"]
[Result "1-0"]
[WhiteElo "1125"]
[BlackElo "866"]
[PlyCount "45"]
[EventDate "2011.09.08"]
[EventType "swiss"]
[EventRounds "6"]
[EventCountry "CAN"]
[SourceTitle "EXT 2022"]
[Source "ChessBase"]
[SourceDate "2021.10.06"]
[SourceVersion "1"]
[SourceVersionDate "2021.10.06"]
[SourceQuality "1"]

1. e4 e6 2. d4 d5 3. e5 Nc6 4. Nf3 Bd7 5. Bd3 Nge7 6. Bg5 h6 7. Bh4 Nb4 8. a3 Nxd3+ 9. Qxd3 Bc6 10. Nbd2 Qd7 11. Nb3 0-0-0 12. Nc5 Qe8 13. b4 Nf5 14. Bxd8 Qxd8 15. b5 Bxc5 16. dxc5 Bd7 17. a4 b6 18. c6 Be8 19. a5 bxa5 20. Rxa5 Kb8 21. Qa3 Kc8 22. Rxa7 Qe7 23. Ra8# 1-0

[Event "Scarborough CC Falling Leaves U1700"]
[Site "Toronto"]
[Date "2010.10.28"]
[Round "2"]
[White "Thanabalachandran, Luxiga"]
[Black "Thanigasalam, Balamurali"]
[Result "1/2-1/2"]
[WhiteElo "679"]
[BlackElo "998"]
[PlyCount "126"]
[EventDate "2010.10.28"]
[EventType "swiss"]
[EventRounds "7"]
[EventCountry "CAN"]
[SourceTitle "EXT 2022"]
[Source "ChessBase"]
[SourceDate "2021.10.06"]
[SourceVersion "1"]
[SourceVersionDate "2021.10.06"]
[SourceQuality "1"]

1. e4 b6 2. Nf3 Bb7 3. Nc3 g6 4. Bc4 Bg7 5. 0-0 Bxc3 6. dxc3 Bxe4 7. Re1 Bc6 8. Qe2 e6 9. Bg5 f6 10. Bh4 g5 11. Bg3 h6 12. h3 Qe7 13. Bxc7 h5 14. Bh2 Nh6 15. Rad1 0-0 16. Bd6 Qf7 17. Bxf8 Kxf8 18. Bd3 e5 19. Be4 d5 20. Bd3 e4 21. Nd2 exd3 22. cxd3 Nd7 23. c4 Nf5 24. Nb3 Ne5 25. f3 Re8 26. Qd2 d4 27. Qb4+ Qe7 28. Qxe7+ Kxe7 29. c5 Ne3 30. Rd2 bxc5 31. Nxc5 Bb5 32. Nb3 Nxd3 33. Rb1 Rd8 34. Nc1 Nxc1 35. Rxc1 Kf8 36. Rc5 Bf1 37. Rf2 Bxg2 38. Rxg2 Nxg2 39. Kxg2 d3 40. Rc1 Ke7 41. Rd1 Ke6 42. Kf2 Ke5 43. Ke3 d2 44. Rxd2 Rxd2 45. Kxd2 Kf4 46. Ke2 Kg3 47. b4 Kxh3 48. a4 g4 49. fxg4 hxg4 50. b5 Kh2 51. a5 g3 52. b6 axb6 53. axb6 g2 54. b7 g1Q 55. b8Q+ Qg3 56. Qxg3+ Kxg3 57. Ke3 Kg4 58. Ke4 f5+ 59. Ke3 Kg3 60. Ke2 f4 61. Kf1 f3 62. Kg1 f2+ 63. Kf1 Kf3 1/2-1/2

[Event "Toronto Howard Ridout Swiss U1700"]
[Site "Toronto"]
[Date "2010.09.09"]
[Round "1"]
[White "Thanabalachandran, Luxiga"]
[Black "Liu, Peter"]
[Result "0-1"]
[WhiteElo "564"]
[BlackElo "1219"]
[PlyCount "66"]
[EventDate "2010.09.09"]
[EventType "swiss"]
[EventRounds "6"]
[EventCountry "CAN"]
[SourceTitle "EXT 2022"]
[Source "ChessBase"]
[SourceDate "2021.10.06"]
[SourceVersion "1"]
[SourceVersionDate "2021.10.06"]
[SourceQuality "1"]

1. e4 c5 2. Nf3 d6 3. d4 cxd4 4. Nxd4 Nf6 5. Nc3 g6 6. Bg5 Bg7 7. Bc4 0-0 8. Qd2 Nc6 9. Nf3 Bg4 10. Nd4 Nxe4 11. Nxe4 Nxd4 12. Qxd4 Bxd4 13. 0-0 d5 14. c3 dxc4 15. cxd4 Qxd4 16. Nc3 Qe5 17. Be3 Rad8 18. f3 Qxe3+ 19. Rf2 Rd2 20. Raf1 Rxf2 21. Rxf2 Bf5 22. Nd5 Qc1+ 23. Rf1 Qxb2 24. Nxe7+ Kg7 25. Nd5 Qd4+ 26. Kh1 Qxd5 27. g4 Bd3 28. Rd1 Qxf3+ 29. Kg1 Qxd1+ 30. Kf2 Qf1+ 31. Kg3 g5 32. h4 Qf4+ 33. Kh3 Bf1# 0-1